000 00846nam a22002297a 4500
008 130821s2003 xxua gr eng
020 _a0486430936
040 _aCo-BoUCM
_bspa
041 0 0 _aeng
060 _aBF 100
_25
100 1 _aPavlov, Ivan Petrovich
_d1849-1936.
_977174
245 1 0 _aConditioned reflexes
_cI.P. Pavlov
260 _aMineola (Nueva York, Estados Unidos)
_bDover Publications
_c2003
300 _axv, 430 páginas
_bilustraciones
504 _aIncluye referencias bibliográficas e índice.
650 0 4 _aCondicionamiento clásico
_911490
650 0 4 _aCorteza cerebral
_912036
650 0 4 _aPsicología
_98001
700 1 _aAnrep, G. V.
_q(Gleb Vasilevich)
_d1891-
_9171272
856 4 2 _3Publicador
_uhttp://www.loc.gov/catdir/enhancements/fy0614/2003048486-d.html
942 _cLIBRO
_a9
_e1
_mP338c
_2NLM
_hBF 100
_n0
999 _c89350
_d89350